Development : (Record no. 128269)
[ view plain ]
| 000 -LEADER | |
|---|---|
| fixed length control field | 02939cam a22004935i 4500 |
| 001 - CONTROL NUMBER | |
| control field | 20142415 |
| 003 - CONTROL NUMBER IDENTIFIER | |
| control field | ARRUPE |
| 005 - DATE AND TIME OF LATEST TRANSACTION | |
| control field | 20181002090754.0 |
| 008 - FIXED-LENGTH DATA ELEMENTS--GENERAL INFORMATION | |
| fixed length control field | 171115t20182018enka b 001 0 eng d |
| 010 ## - LIBRARY OF CONGRESS CONTROL NUMBER | |
| LC control number | 2017960749 |
| 015 ## - NATIONAL BIBLIOGRAPHY NUMBER | |
| National bibliography number | GBB800473 |
| Source | bnb |
| 016 7# - NATIONAL BIBLIOGRAPHIC AGENCY CONTROL NUMBER | |
| Record control number | 018665242 |
| Source | Uk |
| 020 ## - INTERNATIONAL STANDARD BOOK NUMBER | |
| International Standard Book Number | 9780198736257 (hardcover) |
| 020 ## - INTERNATIONAL STANDARD BOOK NUMBER | |
| International Standard Book Number | 0198736258 (hardcover) |
| 035 ## - SYSTEM CONTROL NUMBER | |
| System control number | (OCoLC)on1004729832 |
| 040 ## - CATALOGING SOURCE | |
| Original cataloging agency | ERASA |
| Language of cataloging | eng |
| Transcribing agency | ERASA |
| Description conventions | rda |
| Modifying agency | YDX |
| -- | BDX |
| -- | OCLCO |
| -- | OCLCQ |
| -- | CDX |
| -- | EAU |
| -- | OCLCF |
| -- | GUA |
| -- | EQO |
| -- | CTX |
| -- | DLC |
| 042 ## - AUTHENTICATION CODE | |
| Authentication code | lccopycat |
| 043 ## - GEOGRAPHIC AREA CODE | |
| Geographic area code | d------ |
| 050 00 - LIBRARY OF CONGRESS CALL NUMBER | |
| Classification number | HD75.8 |
| Item number | .G645 2018 |
| 082 04 - DEWEY DECIMAL CLASSIFICATION NUMBER | |
| Classification number | 338.9 |
| Edition number | 23 |
| 300 ## - PHYSICAL DESCRIPTION | |
| Other physical details | illustrations ; |
| Dimensions | 18 cm |
| 100 1# - MAIN ENTRY--PERSONAL NAME | |
| Personal name | Goldin, Ian, |
| Dates associated with a name | 1955- |
| Relator term | author. |
| 9 (RLIN) | 42599 |
| 245 10 - TITLE STATEMENT | |
| Title | Development : |
| Remainder of title | a very short introduction / |
| Statement of responsibility, etc | Ian Goldin. |
| 260 ## - PUBLICATION, DISTRIBUTION, ETC. (IMPRINT) | |
| Place of publication, distribution, etc | Oxford |
| Name of publisher, distributor, etc | Oxford University Press |
| Date of publication, distribution, etc | 2018 |
| 300 ## - PHYSICAL DESCRIPTION | |
| Extent | xxvi, 186 pages : |
| 490 0# - SERIES STATEMENT | |
| Series statement | Very short introductions ; |
| Volume number/sequential designation | 557 |
| 500 ## - GENERAL NOTE | |
| General note | "First published in hardback as The Pursuit of Development 2016"--Title page verso. |
| 504 ## - BIBLIOGRAPHY, ETC. NOTE | |
| Bibliography, etc | Includes bibliographical references (pages 153-175) and index. |
| 505 0# - FORMATTED CONTENTS NOTE | |
| Formatted contents note | What is development -- How does development happen? -- Why are some countries rich and others poor? -- What can be done to accelerate development? -- The evolution of development aid -- Sustainable development -- Globalization and development -- The future of development. |
| 520 8# - SUMMARY, ETC. | |
| Summary, etc | What do we mean by development? How can citizens, governments and the international community foster development? The process by which nations escape poverty and achieve economic and social progress has been the subject of extensive examination for hundreds of years. The notion of development itself has evolved from an original preoccupation with incomes and economic growth to a much broader understanding of development. In this 'Very Short Introduction' Ian Goldin considers the contributions that education, health, gender, equity, and other dimensions of human well-being make to development, and discusses why it is also necessary to include the role of institutions and the rule of law as well as sustainability and environmental concerns. |
| 650 #0 - SUBJECT ADDED ENTRY--TOPICAL TERM | |
| Topical term or geographic name as entry element | Economic development projects |
| Geographic subdivision | Developing countries. |
| 9 (RLIN) | 42600 |
| 650 #0 - SUBJECT ADDED ENTRY--TOPICAL TERM | |
| Topical term or geographic name as entry element | Poor |
| Geographic subdivision | Developing countries. |
| 9 (RLIN) | 42390 |
| 650 #7 - SUBJECT ADDED ENTRY--TOPICAL TERM | |
| Topical term or geographic name as entry element | Economic development projects. |
| Source of heading or term | fast |
| 9 (RLIN) | 42601 |
| 651 #0 - SUBJECT ADDED ENTRY--GEOGRAPHIC NAME | |
| Geographic name | Developing countries |
| General subdivision | Economic conditions. |
| 9 (RLIN) | 26658 |
| 651 #7 - SUBJECT ADDED ENTRY--GEOGRAPHIC NAME | |
| Geographic name | Developing countries. |
| Source of heading or term | fast |
| 9 (RLIN) | 11437 |
| 906 ## - LOCAL DATA ELEMENT F, LDF (RLIN) | |
| a | 7 |
| b | cbc |
| c | copycat |
| d | 2 |
| e | ncip |
| f | 20 |
| g | y-gencatlg |
| 942 ## - ADDED ENTRY ELEMENTS (KOHA) | |
| Source of classification or shelving scheme | Library of Congress Classification |
| Koha item type | Monograph ( Printed materials) |
| Withdrawn status | Lost status | Source of classification or shelving scheme | Damaged status | Not for loan | Collection code | Home library | Current library | Shelving location | Date acquired | Total Checkouts | Full call number | Barcode | Date last seen | Date checked out | Price effective from | Koha item type |
|---|---|---|---|---|---|---|---|---|---|---|---|---|---|---|---|---|
| Library of Congress Classification | Main Collection | ARRUPE LIBRARY | ARRUPE LIBRARY | Main Collection | 02/10/2018 | 3 | HD75.8 .G645 2018 | 46600003177 | 28/02/2024 | 30/01/2024 | 02/10/2018 | Monograph ( Printed materials) |